The Car Quiz - Statistics

General Stats
  • This quiz has been taken 652 times
  • The average score is 12 of 15
Answer Stats
Hint Answer % Correct
Veyron 16.4 Bugatti
98%
Enzo Ferrari
93%
Gallardo LP 560-4 Lamborghini
92%
Corvette ZR-1 Chevrolet
89%
GT-R Nissan
89%
918 Porsche
87%
Zonda Cinque Pagani
81%
SLR McLaren Mercedes-Benz
80%
GT Ford
79%
P1 McLaren
79%
LFA Lexus
71%
One-77 Aston Martin
62%
CCX Koenigsegg
60%
Venom GT Hennessey
52%
Ultimate Aero SSC
41%
No matching quizzes found
Score Distribution
Percent of People with Each Score
Percentile by Number Answered
Your Score History
You have not taken this quiz